Statistics for AFL All Australian Team 2022

Click here to take the quiz!

General Stats

  • This quiz has been taken 20 times
  • The average score is 19 of 22

Answer Stats

PositionTeamAnswer% Correct
RUCKMelbourneMax Gawn
100%
MIDCarltonPatrick Cripps
100%
FWDGeelongTom Hawkins
100%
DEFSt KildaJack Sinclair
93%
FWDGeelongJeremy Cameron
93%
MIDGold CoastTouk Miller
93%
MIDSydneyCallum Mills
87%
FWDCarltonCharlie Curnow
87%
FWDMelbourneChristian Petracca
87%
MIDMelbourneClayton Oliver
87%
MIDBrisbaneLachie Neale
87%
DEFGWSSam Taylor
87%
DEFMelbourneSteven May
87%
DEFGeelongTom Stewart
87%
DEFCarltonAdam Saad
80%
I/CFremantleAndrew Brayshaw
80%
I/CPort AdelaideConnor Rozee
80%
FWDRichmondShai Bolton
80%
FWDGeelongTyson Stengle
73%
DEFCollingwoodBrayden Maynard
67%
I/CSydneyIsaac Heeney
60%
I/CGeelongMark Blicavs
60%

Score Distribution

Percentile by Number Answered

Percent of People with Each Score

Your Score History

You have not taken this quiz